| 000 | 01015nam a22003137a 4500 | ||
|---|---|---|---|
| 001 | 6541 | ||
| 003 | DO-SdBNP | ||
| 005 | 20171110113956.0 | ||
| 007 | 6541 | ||
| 008 | 160620b 1996 mx |||| |||| 00| 0 spa d | ||
| 020 | _a9681851911 | ||
| 040 |
_aBPMSU _bspa _cBPMSU |
||
| 082 | 4 |
_a621.31 _bH293m, 1996 |
|
| 100 | 1 | 0 | _aEnríquez Harper, Gilberto. |
| 245 | 1 | 0 |
_aManual de instalaciones eléctricas, residenciales e industriales / _cGilberto Enríquez Harper. |
| 250 | _a2a. ed. | ||
| 260 | 0 |
_aMéxico, D.F. : _b Limusa, _c1996 |
|
| 300 |
_a437 p. : _bil. ; _c25 cm. |
||
| 490 | 1 |
_aTextos politénicos _aElectrotecnia |
|
| 504 | _aIncluye bibliografía. | ||
| 650 |
_aINSTALACIONES ELÉCTRICAS _vMANUALES |
||
| 650 | 4 | _aELECTRICIDAD | |
| 650 | 4 | _aINSTALACIONES ELÉCTRICAS INTERIORES | |
| 830 |
_aTextos politénicos _pElectrotecnia |
||
| 910 | _aValidado. Control de calidad MFF | ||
| 942 |
_2ddc _cBK |
||
| 945 | _aInvetariado extranjerov / 2017 VM | ||
| 956 |
_aVMATEO _b10 _c20160620 _dBPMSU _f0069 |
||
| 999 |
_c10445 _d10445 |
||